000 01104nam a2200325 i 4500
001 000002321
003 DO-SdBPM
005 20250825142903.0
007 ta
008 090701s1982 dr a o000 0 spa d
040 _aDO-SdBPM
_bspa
_cBPMSU
_erda
082 4 _a338.528097293
_bB213m 1982
_222
110 2 _aBanco Central de la República Dominicana
245 1 0 _aMetodología para el cálculo del índice de precios al consumidor en la República Dominicana.
250 _a2a. ed.
264 _aSanto Domingo :
_bBanco Central de la República Dominicana,
_c1982.
300 _a544 páginas :
_bilustraciones ;
_c24 cm.
336 _atexto
_btxt
_2rdacontent
337 _asin mediación
_bn
_2rdamedia
338 _avolumen
_bnc
_2rdacarrier
500 _aIncluye índice.
504 _aBibliografía : páginas 545
590 _aInventariado, 2025/VM
650 7 _aÍndice de precios
_zRepública Dominicana
_vEstadísticas
650 7 _aÍndice de precios
650 7 _aPrecios
_zRepública Dominicana
650 z _a
910 _aVMateo V. Control de calidad. BPMSU
942 _2ddc
_cBK
999 _c15352
_d15352